Every Country Containing A City With At Least 1 Million People - Statistics

General Stats
  • This quiz has been taken 27 times
  • The average score is 76 of 130
Answer Stats
Cities Country % Correct
54 United States of America
100%
6 Canada
96%
147 China
96%
62 India
96%
17 Russia
96%
24 Brazil
87%
7 France
87%
10 Great Britain
87%
17 Indonesia
87%
13 Japan
87%
21 Mexico
87%
2 Poland
87%
5 Spain
87%
5 Argentina
83%
12 Germany
83%
1 Greece
83%
5 Italy
83%
2 Portugal
83%
5 Australia
78%
2 Chile
78%
1 Denmark
78%
8 Iran
78%
2 Netherlands
78%
7 Saudi Arabia
78%
8 South Korea
78%
1 Sweden
78%
2 United Arab Emirates
78%
7 Colombia
74%
2 Egypt
74%
1 Finland
74%
6 Iraq
74%
2 Israel
74%
1 Norway
74%
12 Pakistan
74%
4 Philippines
74%
2 Thailand
74%
11 Turkey
74%
5 Venezuela
74%
4 Vietnam
74%
1 Ireland
70%
1 Niger
70%
15 Nigeria
70%
2 Syria
70%
1 Austria
65%
2 Belgium
65%
3 Bolivia
65%
7 Congo (Dem. Rep.)
65%
1 Dominican Republic
65%
2 Peru
65%
4 South Africa
65%
5 Ukraine
65%
1 Yemen
65%
1 Haiti
61%
2 Jordan
61%
2 Malaysia
61%
1 New Zealand
61%
1 North Korea
61%
1 Oman
61%
1 Paraguay
61%
1 Switzerland
61%
1 Uruguay
61%
3 Bangladesh
57%
1 Cuba
57%
1 Czech Republic
57%
2 Ecuador
57%
1 Ethiopia
57%
1 Guatemala
57%
3 Kazakhstan
57%
1 Mongolia
57%
6 Morocco
57%
1 Sudan
57%
4 Taiwan
57%
2 Algeria
52%
2 Angola
52%
1 Costa Rica
52%
1 Honduras
52%
1 Libya
52%
1 Mali
52%
2 Myanmar
52%
1 Serbia
52%
1 Somalia
52%
1 Sri Lanka
52%
1 Afghanistan
48%
1 Azerbaijan
48%
1 Belarus
48%
1 Bulgaria
48%
1 Cambodia
48%
1 Chad
48%
1 Hungary
48%
2 Kenya
48%
1 Lebanon
48%
1 Panama
48%
1 Qatar
48%
1 Romania
48%
1 Singapore
48%
4 Tanzania
48%
1 El Salvador
43%
1 Georgia
43%
1 Kuwait
43%
1 Nepal
43%
2 Tunisia
43%
1 Turkmenistan
43%
1 Zambia
43%
1 Armenia
39%
1 Bahrain
39%
2 Cameroon
39%
1 Central African Republic
39%
2 Ghana
39%
1 Madagascar
39%
1 Malawi
39%
1 Mozambique
39%
1 Rwanda
39%
2 Senegal
39%
3 Uzbekistan
39%
1 Zimbabwe
39%
1 Mauritania
35%
1 Nicaragua
35%
1 Uganda
35%
2 Burkina Faso
30%
1 Kyrgyzstan
30%
1 Liberia
30%
1 Tajikistan
30%
1 Ivory Coast
26%
1 Benin
22%
1 Gambia
22%
1 Sierra Leone
22%
1 Togo
22%
1 Burundi
17%
1 Eritrea
17%
1 Guinea
17%
No matching quizzes found
Score Distribution
Percent of People with Each Score
Percentile by Number Answered
Your Score History
You have not taken this quiz